=LDR 00000nam 2200000 4500 =001 INLIS000000000024529 =005 20130612123117 =008 ***********************************Ind** =035 ##$$0010-061300000024529 =041 ##$$a Ind =082 ##$$a 510.7 =090 ##$$a 510.7, Rus m =100 ##$$a Rusefendi =245 ##$$a Matematika evaluasi diri 3 untuk SMP, Rusefendi =260 ##$$a 1982 $b Bandung =650 ##$$a matematika =850 ##$$a NBPNMAT